Bigglesovo drama v Čechách /

Hlavní autor: Johns, William Earl, 1893-1968
Další autoři: Andrýsek, Pavel, Šimková, Tyna
Jazyk: Čeština
Vydáno: Praha : Riopress, 1999
Vydání: 1. vyd.
Témata:
Fyzický popis: 156 s. : il. ; 21 cm
Knihy
Uloženo v:
LEADER 01438nam a2200397 a 4500
001 000455929
003 CZ BrMZK
005 20260310094611.0
007 ta
008 990315s1999 xr d f cze d
015 |a cnb000694085 
020 |a 80-86221-13-X 
035 |a (OCoLC)84989408 
040 |a BOA001  |b cze 
072 7 |a 821.111-3  |x Anglická próza, anglicky psaná  |2 Konspekt  |9 25 
072 7 |a 821-93  |x Literatura pro děti a mládež (beletrie)  |2 Konspekt  |9 26 
080 |a 821.111-31  |2 MRF 
080 |a 821-93  |2 MRF 
080 |a (0:82-311.3)  |2 MRF 
100 1 |a Johns, William Earl,  |d 1893-1968  |7 jn19990004054  |4 aut 
245 1 0 |a Bigglesovo drama v Čechách /  |c W.E. Johns ; [z angličtiny přeložila Jana Šimková ; ilustroval Pavel Andrýsek] 
250 |a 1. vyd. 
260 |a Praha :  |b Riopress,  |c 1999 
300 |a 156 s. :  |b il. ;  |c 21 cm 
655 7 |a anglické romány  |7 fd131814  |2 czenas 
655 7 |a dobrodružné romány  |7 fd132061  |2 czenas 
655 7 |a publikace pro mládež  |7 fd133157  |2 czenas 
655 9 |a English fiction  |2 eczenas 
655 9 |a adventure novels  |2 eczenas 
655 9 |a juvenile literature  |2 eczenas 
700 1 |a Andrýsek, Pavel  |7 jx20050719025  |4 ill 
700 1 |a Šimková, Tyna  |7 jk01130081  |4 trl 
765 0 |t Biggles looks back 
910 |a BOA001  |b 2-1067.059 
990 |a BK 
996 6 |b 2610106088  |c 2-1067.059  |l MZK  |r Sklad / do 1 hodiny  |n 8  |p p.v.  |w 000455929  |u 000010  |a 1  |e BOA001  |j MZK50  |s P